The first 25 digits of π - Whammies - Statistics

General Stats
  • This quiz has been taken 157 times
  • The average score is 13 of 25
Answer Stats
Answer % Correct
3.
100%
1
96%
4
94%
1
85%
5
83%
9
77%
2
70%
6
60%
5
53%
3
42%
5
42%
8
42%
9
40%
7
36%
9
36%
2
34%
3
34%
3
34%
4
32%
8
32%
2
30%
6
30%
6
28%
4
26%
3...
25%
No matching quizzes found
Score Distribution
Percent of People with Each Score
Percentile by Number Answered
Your Score History
You have not taken this quiz